Москва - Санкт-Петербург: пособие-путеводитель

Dettagli Bibliografici
Autore principale: Быкова С. А. Стелла Артемьевна
Altri autori: Мидори Я. Ямада
Riassunto:Настоящий путеводитель, являющийся одновременно учебным пособием, предназначается для студентов средних и старших курсов высших учебных заведений, изучающих японский язык, а также для специалистов-японоведов и лиц, уже в достаточной степени вла­деющих японским языком. Путеводитель может использоваться не только для аудиторных и самостоятельных занятий японским языком, но и позволяет всем, изучившим его, проводить экскурсии по Моск­ве и Санкт-Петербургу.
Lingua:giapponese
russo
Pubblicazione: Москва, Муравей, 2003
Soggetti:
Natura: Libro
KOHA link:https://koha.lib.tpu.ru/cgi-bin/koha/opac-detail.pl?biblionumber=318538

MARC

LEADER 00000nam0a2200000 4500
001 318538
005 20231102003103.0
010 |a 5846300987 
035 |a (RuTPU)RU\TPU\book\344036 
090 |a 318538 
100 |a 20160427d2003 m y0rusy50 ca 
101 0 |a jpn  |a rus 
102 |a RU 
105 |a y j 000zy 
200 1 |a Москва - Санкт-Петербург  |e пособие-путеводитель  |f С. А. Быкова, Я. Мидори 
210 |a Москва  |c Муравей  |d 2003 
215 |a 150 с. 
330 |a Настоящий путеводитель, являющийся одновременно учебным пособием, предназначается для студентов средних и старших курсов высших учебных заведений, изучающих японский язык, а также для специалистов-японоведов и лиц, уже в достаточной степени вла­деющих японским языком. Путеводитель может использоваться не только для аудиторных и самостоятельных занятий японским языком, но и позволяет всем, изучившим его, проводить экскурсии по Моск­ве и Санкт-Петербургу. 
606 1 |a Японский язык  |2 stltpush  |3 (RuTPU)RU\TPU\subj\21832  |9 46762 
610 1 |a лексика 
610 1 |a разговорная речь 
610 1 |a путеводители 
610 1 |a Россия 
610 1 |a Москва 
610 1 |a Санкт-Петербург 
610 1 |a достопримечательности 
610 1 |a музеи 
610 1 |a метро 
686 |a Ш175.12  |v LBC/SL-A  |2 rubbk 
700 1 |a Быкова  |b С. А.  |g Стелла Артемьевна 
701 1 |a Мидори  |b Я.  |g Ямада 
801 1 |a RU  |b 63413507  |c 20160427 
801 2 |a RU  |b 63413507  |c 20160505  |g RCR 
942 |c BK